000 00376 a2200109 4500
001 ART_16205
005 20260410161853.0
008 260409a
245 1 0 _aCaracciolo sobre realismo moral y positivismo jurídico
100 1 _aLuque, Pau
773 0 _tFilosofía del derecho
_gCuestiones epistemológica y normativas - Año I, Nº 2 (dic. 2012)
_wREV10449
999 _c25190
_d25190